Estudios sobre reformas al código civil y código de comercio, tercera parte

সংরক্ষণ করুন:
গ্রন্থ-পঞ্জীর বিবরন
সংস্থা লেখক: Fundación Fernando Fueyo Laneri (Author)
বিন্যাস: গ্রন্থ
ভাষা:স্প্যানিশ
প্রকাশিত: Santiago Jurídica de Chile 2003
বিষয়গুলি:
ট্যাগগুলো: ট্যাগ যুক্ত করুন
কোনো ট্যাগ নেই, প্রথমজন হিসাবে ট্যাগ করুন!

MARC

LEADER 00000nam a2200000 a 4500
001 UCL1342
003 CL-VaPUC
008 030905e20030000CL |||||||||||||||||spa|d
020 |a 9561014475 
082 0 4 |a 346.83  |b FUN  |2 21 
110 2 |a Fundación Fernando Fueyo Laneri  |e author  |9 478309 
245 1 0 |a Estudios sobre reformas al código civil y código de comercio, tercera parte 
300 |a 357 p 
942 |c BK 
945 |d 20030905 00:00:00  |a cmena 
260 |a Santiago  |b Jurídica de Chile  |c 2003 
500 |a Incluye: El abuso del derecho ante la constitución 
650 0 |a Código civil  |9 256135 
650 0 |a Código de comercio   |9 329302 
650 0 |a Contrato preparatorio  |9 444486 
650 0 |a Derecho positivo  |9 255911 
650 0 |a Fuentes del derecho   |9 255162 
650 0 |a Interpretación de la ley  |9 257376 
650 0 |a Teoría de la imprevisión  |9 380880 
650 0 |a Derecho internacional privado  |9 256361 
650 0 |a Personalidad jurídica   |9 315329 
650 0 |a Riesgo  |9 256420 
583 |a last modification  |c 20030905 00:00:00  |k Rodrigo Vera 
999 |c 304981  |d 304979 
952 |0 0  |1 0  |4 0  |6 346_830000000000000_FUN_2003  |7 0  |8 A  |9 367863  |a BIBDER  |b BIBDER  |d 2019-11-21  |i 3937917  |o 346.83 FUN 2003  |p 3937917  |r 2023-01-25  |w 2019-11-21  |y BK  |k DER